Mujeres de mi época : (Record no. 117351)

MARC details
000 -LEADER
campo de control de longitud fija 00714nam a2200205 4500
001 - NÚMERO DE CONTROL
campo de control 117351
003 - IDENTIFICADOR DE NÚMERO DE CONTROL
campo de control ES-MaACL
005 - FECHA Y HORA DE LA ÚLTIMA TRANSACCIÓN
campo de control 20230906190903.0
007 - CAMPO FIJO DE DESCRIPCIÓN FÍSICA--INFORMACIÓN GENERAL
campo de control de longitud fija t|
008 - DATOS DE LONGITUD FIJA--INFORMACIÓN GENERAL
campo de control de longitud fija 071121s1919 sp r ||||1| spa d
100 1# - ENTRADA PRINCIPAL--NOMBRE DE PERSONA
Nombre de persona Peñapareja, José.
9 (RLIN) 90316
245 10 - MENCIÓN DEL TÍTULO
Título Mujeres de mi época :
Resto del título (florilogio galante) /
Mención de responsabilidad, etc. José Peñapareja ; prólogo de José Francos Rodríguez ; epílogo de Francisco Villaespesa.
260 ## - PUBLICACIÓN, DISTRIBUCIÓN, ETC.
Lugar de publicación, distribución, etc. Madrid :
Nombre del editor, distribuidor, etc. Antonio Álvarez,
Fecha de publicación, distribución, etc. 1919.
300 ## - DESCRIPCIÓN FÍSICA
Extensión 158 p. ;
Dimensiones 20 cm.
650 #4 - PUNTO DE ACCESO ADICIONAL DE MATERIA--TÉRMINO DE MATERIA
Término de materia o nombre geográfico como elemento de entrada Mujeres-
Subdivisión general En la literatura.
9 (RLIN) 15271
700 1# - ENTRADA AGREGADA--NOMBRE PERSONAL
Nombre de persona Francos Rodríguez, José,
Fechas asociadas al nombre 1862-1931
9 (RLIN) 52286
700 1# - ENTRADA AGREGADA--NOMBRE PERSONAL
Nombre de persona Villaespesa, Francisco.
9 (RLIN) 114917
852 ## - LOCALIZACIÓN
Ubicación ES-MaACL
Número de control de estantería G-10254
Holdings
Estatus retirado Estado de pérdida Estado de daño No para préstamo Biblioteca de origen Biblioteca actual Ubicación en estantería Fecha de adquisición Fuente de adquisición Total de préstamos Signatura topográfica completa Código de barras Visto por última vez Precio de reemplazo Tipo de ítem Koha
        Biblioteca del Ateneo de Madrid Biblioteca del Ateneo de Madrid Sala Pecera Planta 3 17/01/2008     G-10254 1122351 23/02/2023 23/02/2023 Libro impreso